| 000 | 00482pam a2200157 a 4500 | ||
|---|---|---|---|
| 020 | _a0070220433 | ||
| 082 | 0 | 0 | _a363.72877 |
| 245 | 0 | 0 |
_aHazardous waste minimization / _cHarry Freeman, editor. |
| 260 |
_aNew York : _bMcGraw-Hill, _cc1990. |
||
| 300 |
_avii, 343 p. : _bill. ; _c24 cm. |
||
| 526 |
_a0 _b0 _c0 _d363_728770000000000_FRE |
||
| 650 | 0 |
_aHazardous wastes _xManagement. _96365 |
|
| 650 | 0 |
_aWaste minimization. _96410 |
|
| 700 | 1 |
_aFreeman, Harry, _938130 |
|
| 942 |
_2ddc _cBK |
||
| 999 |
_c542792 _d542792 |
||